| 000 | 00526nam a22001217a 4500 | ||
|---|---|---|---|
| 999 |
_c10163 _d10163 |
||
| 003 | OSt | ||
| 008 | 201218b ||||| |||| 00| 0 eng d | ||
| 245 | _aJournal of Advanced Research in Computer Engineering | ||
| 250 | _a2014(Jan-Jun Vol.8 No.1, Jul-Dec Vol.8 No.2) 2015(Jan-Dec Vol.9 No.1-2) 2016(Jan-Jun Vol.10 No.1, Jul-Dec Vol.10 No.2) 2017(Jan-Jun Vol.11 No.1, Jul-Dec Vol.11 No.2) 2018(Jan-Jun Vol.12 No.1) | ||
| 260 |
_aNew Delhi _bGlobal Research Publications |
||
| 650 | _aComputer Science Engineering | ||
| 942 |
_2ddc _cBV |
||